000 00475nam a22001577a 4500
999 _c1738
_d1738
008 200131b ||||| |||| 00| 0 eng d
082 0 0 _a623.81
_bR828
100 _91358
_aRossel, Henry E.
245 1 0 _aPrinciples of naval architecture
_cby Henry E Rossel
260 _aNew York
_b(The)Society of Naval Architects and Marine Engineers
_c1949
300 _axii,291p.
365 _d66.11
650 0 _aNaval Architecture
700 _9197
_aChapman, Lawrence B.
942 _cBK